| 000 -LEADER |
| fixed length control field |
00719cam a2200217 a 4500 |
| 005 - DATE AND TIME OF LATEST TRANSACTION |
| control field |
20131112032415.0 |
| 008 - FIXED-LENGTH DATA ELEMENTS--GENERAL INFORMATION |
| fixed length control field |
930825s1994 nyu b 001 0 eng |
| 020 ## - INTERNATIONAL STANDARD BOOK NUMBER |
| International Standard Book Number |
0671633775 : |
| 041 0# - LANGUAGE CODE |
| Language code of text/sound track or separate title |
eng |
| 080 ## - UNIVERSAL DECIMAL CLASSIFICATION NUMBER |
| Universal Decimal Classification number |
338 |
| 100 1# - Rafti |
| Rafti |
Barnet, Richard J. |
| 245 10 - TITLE STATEMENT |
| Title |
Global dreams : |
| Statement of responsibility, etc |
Richard J. Barnet, John Cavanagh. |
| 260 ## - |
| -- |
New York : |
| -- |
Simon & Schuster, |
| -- |
c1994. |
| 300 ## - |
| -- |
480 p. ; |
| -- |
24 cm. |
| 504 ## - BIBLIOGRAPHY, ETC. NOTE |
| Bibliography, etc |
Includes bibliographical references (p. [459]-465) and index. |
| 650 #0 - |
| -- |
Biznesi |
| -- |
Rast studimi |
| 650 #0 - |
| -- |
Ndërmarrjet ndërkombëtare të biznesit |
| 650 #0 - |
| -- |
Historia ekonomike |
| -- |
1945- |
| 700 1# - |
| -- |
Cavanagh, John, |
| -- |
1955- |
| 942 ## - ADDED ENTRY ELEMENTS (KOHA) |
| Source of classification or shelving scheme |
|
| Item type |
Books |